000 00537nam a22001697a 4500
005 20240809094804.0
008 240809b |||||||| |||| 00| 0 eng d
020 _a0409015806
041 _aEnglish
082 _a349 SOU
100 _lEnglish
245 _aButterworths Consolidated Index and Noter-Up to the All South African Law Reports 1996-2005
260 _aDurban:
_bLexisNexis Butterworths,
_c1996-2005
300 _bix, 869 pages;
_c25 cm.
650 _aLegal practice
_bLaw
942 _cBK
_6ALISON_BN_VRIES
999 _c2544
_d2544